[Event "Elista ol (Men)"]
[Site "Elista"]
[Date "1998.10.04"]
[Round "6"]
[White "Blatny, Pavel"]
[Black "Bagheri, Amir"]
[Result "1/2-1/2"]
[WhiteElo "2520"]
[BlackElo "2405"]

1.e4 c6 2.d4 d5 3.exd5 cxd5 4.c4 Nf6 5.Nc3 e6 6.c5 b6 7.b4 Be7 8.Nf3 a5 9.Na4 Nfd7
10.Bb5 O-O 11.Bf4 Ba6 12.Bxa6 Nxa6 13.b5 Nc7 14.c6 Bb4+ 15.Kf1 Nf6 16.Qd3 Bd6
17.Bg5 Nce8 18.Ne5 Qc7 19.Rc1 Rb8 20.Bf4 Ne4 21.Be3 Bxe5 22.dxe5 f6 23.exf6 N8xf6
24.f3 Ng4 25.Ke2 Nxe3 26.Qxe3 Nd6 27.Qxe6+ Kh8 28.Qd7 Nxb5 29.Qxc7 Nxc7 30.Rhe1 Kg8
31.Kd3 Rf4 32.Re7 Rf7 33.Rce1 Kf8 34.Rxf7+ Kxf7 35.Kd4 Ne6+ 36.Kxd5 Rd8+
37.Ke5 Rd2 38.Nxb6 Rxa2 39.Rd1 Re2+ 40.Kd6 Rxg2 41.Nc4 a4 42.f4 g6 43.Rb1 a3
44.Rb7+ Kf6 45.c7 Nxc7 46.Rxc7 a2 47.Ra7 Rxh2 48.Ra5 Rf2 49.Ne3 h5 50.Kc5 Rxf4
51.Nd5+ Kg5 52.Nxf4 Kxf4 53.Ra4+ Kg3 54.Ra3+ Kf4 55.Ra4+ Kf3 56.Ra3+ Kf4
57.Ra4+ Kf3 58.Kd5 h4 59.Ke5 h3 60.Ra3+ Kg4 61.Rxa2 Kg3 62.Ra3+ Kg2 63.Kf4 h2
64.Ra2+ Kh3 65.Ra3+ Kg2 66.Rg3+ Kf2 67.Rh3 Kg2 68.Rg3+ Kf2 69.Rf3+ Kg2 70.Rg3+ Kf2
71.Rh3 Kg2 72.Rxh2+ Kxh2 73.Kg5 Kg3 74.Kxg6  1/2-1/2

[Event "Elista ol (Men)"]
[Site "Elista"]
[Date "1998.10.05"]
[Round "7"]
[White "Krakops, Maris"]
[Black "Blatny, Pavel"]
[Result "0-1"]
[WhiteElo "2510"]
[BlackElo "2520"]

1.e4 e5 2.Nf3 Nc6 3.Bb5 a6 4.Ba4 Nf6 5.O-O Be7 6.Re1 b5 7.Bb3 O-O 8.a4 Bb7
9.c3 d5 10.axb5 axb5 11.Rxa8 Bxa8 12.d4 Nxe4 13.dxe5 Bc5 14.Re2 Ne7 15.Nd4 Ng6
16.f3 Ng5 17.Be3 Ne6 18.Kh1 Bxd4 19.cxd4 c5 20.Nc3 b4 21.Na4 c4 22.Bc2 Bc6
23.Nc5 Nxc5 24.dxc5 Nxe5 25.Bd4 Ng6 26.Qe1 Qb8 27.g3 Re8 28.Kg2 Nf8 29.Bf5 Rxe2+
30.Qxe2 Qe8 31.Qd2 f6 32.Bb1 Ne6 33.Bf2 d4 34.Qc2 Ng5 35.Qxc4+ Kh8 36.Qxd4 Nxf3
37.Qd1 Nd2+ 38.Kg1 Nf3+ 39.Kg2 h5 40.h4 Nd2+ 41.Kg1 Nxb1 42.Qxb1 Qe2 43.Qe1 Qxb2
44.Qd1 Qe5 45.Kf1 Bd5 46.Qe2 b3 47.Bd4 Bg2+ 48.Qxg2 Qxd4 49.Qf3 Qc4+ 50.Kg2 Kg8
51.Qa8+ Kh7 52.Qf3 Kg6 53.Qf2 Qc2 54.c6 Qxc6+  0-1

[Event "Elista ol (Men)"]
[Site "Elista"]
[Date "1998.10.10"]
[Round "11"]
[White "Blatny, Pavel"]
[Black "Kasimdzhanov, Rustam"]
[Result "0-1"]
[WhiteElo "2520"]
[BlackElo "2570"]

1.Nf3 g6 2.e4 Bg7 3.d4 d6 4.Nc3 Nf6 5.Be2 O-O 6.O-O c6 7.a4 a5 8.Bf4 Na6
9.Qd2 Nb4 10.Bh6 e5 11.Rad1 Qc7 12.h3 Re8 13.dxe5 dxe5 14.Bd3 Be6 15.Qg5 Nd7
16.Bxg7 Kxg7 17.Ne2 f6 18.Qe3 Qb6 19.Qc1 Nxd3 20.Rxd3 Nc5 21.Re3 Nxa4 22.b3 Nc5
23.g4 h6 24.Nh4 a4 25.bxa4 Rxa4 26.Ng3 Rea8 27.Nhf5+ gxf5 28.Nh5+ Kf7 29.gxf5 Nxe4
30.fxe6+ Kxe6 31.Rb3 Rg8+ 32.Kh2 Qa6 33.Re1 Qa7 34.Rf3 Rg5 35.Rxe4 Rxe4 36.Rxf6+ Ke7
37.Qd1 Qd4 38.Qf3 Rxh5 39.Rf7+ Kd6 40.Qxh5 Rh4 41.Qg6+ Kc5 42.Qg3 Rf4 43.Qa3+ Kb6
44.Qb3+ Qb4 45.Qe3+ Ka6 46.Rxf4 exf4 47.Qd3+ Qb5 48.Qe4 Qg5 49.Qa4+ Kb6 50.Qe4 Kc5
51.Qa4 b5 52.Qa3+ b4 53.Qa7+ Kc4 54.Qf7+ Kd4 55.Qb3 Qb5 56.Qb2+ Ke4 57.Qb3 h5
58.Kg2 Qg5+ 59.Kf1 Qb5+ 60.Kg2 Ke5 61.Kg1 Qc5 62.Qd3 Qd5 63.Qe2+ Kd4 64.Qd2+ Kc4
65.Qxf4+ Kc3 66.Qc1 c5 67.Kh2 Qd4 68.Kg3 h4+ 69.Kf3 Qd2 70.Qa1+ Kxc2 71.Qa2+ Kc3
72.Qa1+ Kc4 73.Qa6+ Kb3 74.Qe6+ c4 75.Qf7 Kb2 76.Kg4 c3  0-1

[Event "Najdorf op"]
[Site "Buenos Aires"]
[Date "1998.10.24"]
[Round "1"]
[White "Echeguren, Gustavo"]
[Black "Blatny, Pavel"]
[Result "0-1"]
[WhiteElo "2135"]
[BlackElo "2520"]

1.e4 c6 2.d4 g6 3.Nf3 d5 4.e5 Bg7 5.Bd3 b6 6.c3 Ba6 7.O-O Qc8 8.Qe2 Bxd3
9.Qxd3 Qa6 10.Qxa6 Nxa6 11.Bf4 e6 12.Nbd2 h6 13.h4 Ne7 14.Rfe1 Kd7 15.b4 Rhc8
16.a4 Bf8 17.Nb3 c5 18.b5 c4 19.Nbd2 Nc7 20.Nb1 a6 21.Na3 Ng8 22.bxa6 Bxa3
23.Rxa3 Rxa6 24.Rea1 Rca8 25.Bc1 b5 26.axb5 Rxa3 27.Rxa3 Rxa3 28.Bxa3 Nxb5
29.Bb2 Ne7 30.Kf1 Nc8 31.Ke2 Nb6 32.Kd1 Na4 33.Kc2 Ke7 34.Nd2 f6 35.f4 Kf7
36.Nf3 h5 37.g3 Nb6 38.Bc1 Nc8 39.Ng1 Ne7 40.Ne2 Nf5 41.Bd2 Na7 42.Kd1 Nc6
43.Ke1 Na5 44.Kd1 Nh6 45.f5 Nxf5 46.exf6 Kxf6 47.Bg5+ Kf7 48.Kd2 Nd6 49.Bd8 Nc6
50.Bc7 Ne4+ 51.Ke3 Ke7 52.Kf4 Kd7 53.Bb6 Kc8 54.g4 Kb7 55.Bc5 e5+ 56.dxe5 Nxc5
57.gxh5 Ne6+  0-1

[Event "Najdorf op"]
[Site "Buenos Aires"]
[Date "1998.10.25"]
[Round "2"]
[White "Blatny, Pavel"]
[Black "De Souza Haro, Paulo Cezar"]
[Result "1-0"]
[WhiteElo "2520"]
[BlackElo "2305"]

1.Nf3 Nf6 2.b3 g6 3.Bb2 Bg7 4.g3 c5 5.c4 Nc6 6.Bg2 O-O 7.O-O d6 8.d4 cxd4
9.Nxd4 Bd7 10.Nc3 Rc8 11.e4 Nxd4 12.Qxd4 a6 13.Rfe1 b5 14.cxb5 axb5 15.Rac1 Ng4
16.Qb4 Qb6 17.Rc2 Qc5 18.Qxc5 Rxc5 19.b4 Rc7 20.Rcc1 Ra7 21.Re2 Rfa8 22.e5 Rc8
23.exd6 exd6 24.Nd5 Rxc1+ 25.Bxc1 Be6 26.Bg5 h6 27.Bd8 Ne5 28.h3 Nd3 29.Ba5 Ne5
30.Nc7 Bd7 31.Bd5 Bf6 32.a4 Bd8 33.Nxb5 Bxb5 34.axb5 Bxa5 35.bxa5 Rxa5 36.Rb2 Ra1+
37.Kg2 Ra5 38.f4 Nd7 39.Re2 Nb6 40.Bc6 Kg7 41.h4 h5 42.Re7 Ra2+ 43.Kh3 Rb2
44.Ra7 Rc2 45.Be8 Rc3 46.Bxf7 Kh6 47.Bg8 g5 48.hxg5+ Kg6 49.Bh7+  1-0

[Event "Najdorf op"]
[Site "Buenos Aires"]
[Date "1998.10.31"]
[Round "8"]
[White "Blatny, Pavel"]
[Black "Hernandez, Gilberto"]
[Result "1-0"]
[WhiteElo "2520"]
[BlackElo "2520"]

1.Nf3 Nf6 2.b3 g6 3.Bb2 Bg7 4.g3 O-O 5.Bg2 d6 6.d4 e5 7.dxe5 Ng4 8.Qc1 Nxe5
9.Nbd2 Nbc6 10.O-O Re8 11.Nxe5 dxe5 12.e3 f5 13.Nc4 Qe7 14.Rd1 e4 15.Bxg7 Qxg7
16.Qb2 Be6 17.Qxg7+ Kxg7 18.Na3 Ne5 19.Nb5 Re7 20.Bf1 Kf6 21.Be2 c6 22.Nc3 Rd7
23.Rxd7 Bxd7 24.Rd1 Ke7 25.Kg2 Be6 26.h3 h5 27.h4 Rd8 28.Rxd8 Kxd8 29.f3 exf3+
30.Bxf3 Ke7 31.Kf2 Nd7 32.Ne2 Kf6 33.Nf4 Bf7 34.e4 fxe4 35.Bxe4 g5 36.Nd3 gxh4
37.gxh4 Ne5 38.Ke3 Nxd3 39.cxd3 Ke5 40.d4+ Kf6 41.Kf4 Be6 42.Bf3 Bf7 43.Bd1 a5
44.a3 Bg6 45.b4 axb4 46.axb4 Bf7 47.Bf3 Be8 48.Be4 Bd7 49.Bh7 Be6 50.Bd3 Bg4
51.Bc4 Bd7 52.Bf1 Bg4 53.Bc4 Bd7 54.Be2 Be8 55.Bd1 Bf7 56.Bf3 Be8 57.d5 cxd5
58.Bxd5 b6 59.Bf3 Bg6 60.Be4 Bf7 61.Bf5 Be8 62.Bh3 Bc6 63.Bc8 Be8 64.Ke4 Bc6+
65.Kd4 Bf3 66.Ke3 Bc6 67.Kf4 Be8 68.Bf5 Ba4 69.Bd3 Bc6 70.Be2 Be8 71.Bd1 Bg6
72.Bf3 Be8 73.Be2 Bg6 74.Bd1 Be8 75.Ke4 Bf7 76.Be2 Be8 77.Kd5 Kf5 78.Kd6 Kf4
79.Ke7 Bg6 80.Kd8 Ke5 81.Ke7 Kf4 82.Kf6 Be8 83.Bd1 b5 84.Ke7 Bg6 85.Be2 Bf5
86.Kf6  1-0

[Event "BL2-N9798"]
[Site "Germany"]
[Date "1998.??.??"]
[Round "4.1"]
[White "Rabiega, Robert"]
[Black "Blatny, Pavel"]
[Result "1-0"]
[WhiteElo "2490"]
[BlackElo "2555"]

1.e4 c6 2.d4 g6 3.Nf3 d5 4.Nbd2 Bg7 5.h3 e6 6.c3 a5 7.Bd3 b6 8.Qe2 Ne7 9.O-O Ba6
10.Bxa6 Nxa6 11.exd5 exd5 12.Re1 Ra7 13.Nf1 O-O 14.Bg5 f6 15.Bf4 Rf7 16.Ng3 Nb8
17.Nh2 Nd7 18.Ng4 h5 19.Nh6+ Bxh6 20.Bxh6 Nf8 21.Qc2 h4 22.Nf1 Nf5 23.Bxf8 Kxf8
24.Ne3 Ne7 25.Ng4 Kg7 26.Re6 Qd7 27.Rae1 Nf5 28.Qd2 a4 29.Qf4 Qc7 30.Qf3 a3
31.b4 b5 32.Ne3 Nh6 33.Nf1 Nf5 34.Nd2 Ra8 35.Nb3 Nd6 36.Nc5 Nb7 37.Nd3 Rh8
38.Nf4 Nd8 39.R6e3 g5 40.Nd3 Nb7 41.Re6 Nd8 42.Nc5 Kg6 43.R6e3 Nb7 44.Re6 Nd8
45.Qd3+ Kh6 46.R6e3 Rg8 47.Qf5 Qf4 48.Qxf4 gxf4 49.Re8 Rfg7 50.Rxg8 Rxg8
51.f3 Kg5 52.Re7 Kf5 53.Kf2 Rf8 54.Ra7 Re8 55.Ra8 Re3 56.Rxd8 Rxc3 57.Re8 Rc4
58.Nb3 Rc2+ 59.Re2 Rc4 60.Ke1 Rxb4 61.Rc2 Rc4 62.Kd2 Ke6 63.Kd3 Kd7 64.Nc5+ Kd6
65.Rxc4 dxc4+ 66.Kc3 Kd5 67.Na6 f5 68.Nb4+ Kd6 69.Nc2 c5 70.dxc5+ Kxc5 71.Nb4 Kb6
72.Kd4 Ka5 73.Kc5 Ka4 74.Nc2 c3 75.Kd4 b4 76.Kc4  1-0

[Event "BL2-N9798"]
[Site "Germany"]
[Date "1998.??.??"]
[Round "5.1"]
[White "Blatny, Pavel"]
[Black "Gipslis, Aivars"]
[Result "1/2-1/2"]
[WhiteElo "2555"]
[BlackElo "2465"]

1.Nf3 Nf6 2.b3 b6 3.Bb2 Bb7 4.g3 e6 5.Bg2 Be7 6.c4 c5 7.O-O O-O 8.Nc3 d5
9.e3 dxc4 10.bxc4 Nc6 11.d3 Qc7 12.Qe2 a6 13.Ne1 Na7 14.a4 Rab8 15.f4 b5
16.axb5 Bxg2 17.Nxg2 axb5 18.cxb5 Nxb5 19.Na4 Nd7 20.Rfc1 Rfc8 21.e4 Qb7
22.Ne3 Bf8 23.Nc4 Ra8 24.Qf2 Ra6 25.f5 Qc6 26.Nc3 Nxc3 27.Bxc3 Rca8 28.Rxa6 Rxa6
29.Rf1 exf5 30.Qxf5 Qe6 31.Qxe6 fxe6 32.Rb1 Ra7 33.h3 Be7 34.Kg2 Bf6 35.e5 Bd8
36.Kf3 Bc7 37.Ke4 Kf8 38.Rb5 Ke7 39.h4 Ra4 40.Ke3 Ra7 41.Kf3 Kf7 42.Ke4 Ke7
43.g4 Ra2 44.h5 Kd8 45.Rb2 Rxb2 46.Nxb2 Nb6 47.Ba5 Nd7 48.Bxc7+ Kxc7 49.Nc4 h6
50.Nd6 Kd8 51.Kf4 Ke7 52.Nc4 Kf8 53.Ke3 Ke7 54.Kd2 Kd8 55.Ke2 Nf8 56.Ke3 Nd7
57.Kf4 Ke7 58.Ke4 Kf8 59.Kf4 Ke7 60.g5 hxg5+ 61.Kxg5 Kf7 62.Kg4 Kg8 63.Kf4 Kh7
64.Kg5 Kg8 65.h6 gxh6+ 66.Kxh6 Kf7 67.Kg5 Kg7 68.Kf4 Kf7 69.Nd6+ Ke7 70.Nb7 Ke8
71.Ke4  1/2-1/2

[Event "BL2-N9798"]
[Site "Germany"]
[Date "1998.??.??"]
[Round "7.1"]
[White "Lamprecht, Frank"]
[Black "Blatny, Pavel"]
[Result "1-0"]
[WhiteElo "2410"]
[BlackElo "2555"]

1.d4 Nf6 2.Nf3 b6 3.c4 Bb7 4.Nc3 e6 5.Bg5 Be7 6.e3 Ne4 7.Bxe7 Qxe7 8.Qc2 Nxc3
9.Qxc3 a5 10.Be2 Qb4 11.Rc1 c5 12.O-O Qxc3 13.Rxc3 d6 14.Rd1 Nd7 15.dxc5 Nxc5
16.Nd4 Ke7 17.Bf3 Bxf3 18.gxf3 Rac8 19.Rc2 Rhd8 20.Nb5 f5 21.Rcd2 Nb7 22.b3 g5
23.Kf1 h5 24.Ke2 g4 25.h3 gxh3 26.Rh1 Rh8 27.Rxh3 Rcg8 28.Rd1 Rh7 29.Rh4 Rd8
30.Rdh1 Rdh8 31.Kd3 Nd8 32.Nc3 Nf7 33.f4 d5 34.cxd5 Nd6 35.f3 b5 36.dxe6 b4
37.Ne2 Nb5 38.e4 Kxe6 39.Ke3 Nc3 40.Nd4+ Kf7 41.Nxf5 Rd8 42.Nd4 Rh6 43.e5 Nd5+
44.Kf2 Ne7 45.f5 Rd5 46.Re1 Rh8 47.Ree4 Rxd4 48.Rxd4 Nxf5 49.Rhf4 Ke6 50.Rde4 h4
51.Kg2 Rd8 52.Rxf5 Kxf5 53.e6 Rd2+ 54.Kh3 Rd3 55.Kxh4  1-0

[Event "BL2-N9798"]
[Site "Germany"]
[Date "1998.??.??"]
[Round "9.1"]
[White "Joecks, Christian"]
[Black "Blatny, Pavel"]
[Result "1/2-1/2"]
[WhiteElo "2415"]
[BlackElo "2555"]

1.e4 e6 2.d4 d5 3.Nd2 dxe4 4.Nxe4 Be7 5.Nf3 Nf6 6.Bd3 Nbd7 7.O-O O-O 8.Nxf6+ Bxf6
9.c3 c5 10.Be3 Qe7 11.Re1 Rd8 12.Qe2 cxd4 13.Bxd4 Bxd4 14.Nxd4 Nf8 15.Qf3 Qc7
16.Rad1 a6 17.Rd2 Bd7 18.Be4 Rab8 19.Red1 Ba4 20.b3 Be8 21.c4 Rd7 22.Qe3 Rbd8
23.Nf3 Rxd2 24.Rxd2 Rc8 25.g3 Nd7 26.Nd4 Nf6 27.Bg2 Rd8 28.Nf3 a5 29.Rd4 b6
30.Ne5 Rxd4 31.Qxd4 Nd7 32.Nxd7 Bxd7 33.a3 e5 34.Qd5 Kf8 35.h4 Ke7 36.b4 axb4
37.axb4 Be6 38.Qd3 Qxc4 39.Qxh7 g6 40.h5 Qxb4 41.h6 Qe1+ 42.Kh2 Qxf2 43.Qg7 Qe2
44.Kg1 Qd1+ 45.Kh2 Qh5+ 46.Kg1 Qd1+ 47.Kh2 Qe2 48.Kg1 Qd1+  1/2-1/2

[Event "Saitek US Masters"]
[Site "Hawaii"]
[Date "1998.??.??"]
[Round "2"]
[White "Blatny, Pavel"]
[Black "Deng Kong Liang"]
[Result "0-1"]
[WhiteElo "2560"]
[BlackElo "2415"]

1.Nf3 g6 2.d4 Bg7 3.e4 c6 4.Nc3 d6 5.h3 Nd7 6.a4 Qc7 7.Bc4 Ngf6 8.Qe2 e5
9.dxe5 dxe5 10.b4 O-O 11.Ba3 h6 12.Nh4 Kh7 13.g4 b5 14.axb5 cxb5 15.Nxb5 Qc6
16.Bb2 Nxe4 17.O-O-O Nb6 18.Bd3 Ng5 19.Nd6 Nd5 20.Bc4 Be6 21.Bxe5 Nc3 22.Bxc3 Bxc3
23.Bb5 a5  0-1

[Event "Saitek US Masters"]
[Site "Hawaii"]
[Date "1998.??.??"]
[Round "3"]
[White "Blatny, Pavel"]
[Black "Orton, William R"]
[Result "0-1"]
[WhiteElo "2560"]
[BlackElo "2240"]

1.Nf3 c5 2.e4 Nc6 3.c3 d5 4.exd5 Qxd5 5.d4 e5 6.Be3 cxd4 7.cxd4 Bb4+ 8.Nc3 exd4
9.Nxd4 Nf6 10.Be2 Bxc3+ 11.bxc3 O-O 12.O-O Ne5 13.Nb5 Qxd1 14.Rfxd1 Bd7 15.Nxa7 Be6
16.Bd4 Bc4 17.Bxc4 Nxc4 18.Rab1 b6 19.Nc6 Nd5 20.Rb5 Rfc8 21.Rxd5 Rxc6 22.a4 f6
23.h4 Rc7 24.Rb5 Ra6 25.Rb4 Kf7 26.Re1 Rc6 27.Re2 h6 28.f3 Ra5 29.Kf2 g5
30.h5 Ra7 31.g4 Ra8 32.Kg3 Ra5 33.Ra2 Ra6 34.Ra1 Ra8 35.Rd1 Ra7 36.Bf2 Ke7
37.Rd4 Rac7 38.Rd5 Ra7 39.Rdb5 Ra6 40.Bc5+ Rxc5 41.Rxc5 bxc5 42.Rxc4 Kd6
43.Re4 Kd5 44.Kf2 c4 45.Rd4+ Kc5 46.Rd8 Rxa4 47.Rh8 Kd5 48.Rxh6 Ke5 49.Rh8 Kf4
50.Re8 f5 51.gxf5 Kxf5 52.Rf8+ Ke5 53.h6 Ra7 54.Rc8 Rh7 55.Rc5+ Kf6 56.Rxc4  0-1

[Event "CCA ChessWise op"]
[Site "Stratton Mountain"]
[Date "1999.06.13"]
[Round "4"]
[White "Akopian, Vladimir"]
[Black "Blatny, Pavel"]
[Result "1-0"]
[WhiteElo "2640"]
[BlackElo "2468"]

1.d4 d5 2.c4 e6 3.Nf3 Nf6 4.Nc3 Bb4 5.Bg5 h6 6.Bxf6 Qxf6 7.Qb3 c5 8.cxd5 exd5
9.e3 O-O 10.Be2 Nc6 11.O-O c4 12.Qa4 Bxc3 13.bxc3 Bf5 14.Qb5 Qd6 15.Bxc4 Rfd8
16.Be2 a6 17.Qb6 Ne5 18.Qb2 Nxf3+ 19.Bxf3 Rac8 20.a4 Rc6 21.a5 b5 22.axb6 Rxb6
23.Qe2 Qg6 24.Rfc1 Bd3 25.Qd2 Rdb8 26.Bxd5 Rb2 27.Qd1 Be2 28.Qe1 Rd8 29.c4 Rxd5
30.cxd5 Bd3 31.Qd1 Be2 32.Rc6 f6 33.Qc1 Bf3 34.g3 Re2 35.Qb1 Be4 36.Qb8+ Kh7
37.Rc5 Bf5 38.Qf4 Bh3 39.d6 Qd3 40.d7 Ra2 41.Rac1 Qg6 42.d8=Q  1-0

[Event "CCA ChessWise op"]
[Site "Stratton Mountain"]
[Date "1999.06.14"]
[Round "6"]
[White "Blatny, Pavel"]
[Black "Gulko, Boris F"]
[Result "1-0"]
[WhiteElo "2468"]
[BlackElo "2620"]

1.Nf3 c5 2.e4 Nc6 3.c3 e6 4.d4 d5 5.exd5 exd5 6.Bb5 Bd6 7.O-O Ne7 8.dxc5 Bxc5
9.Nbd2 O-O 10.Nb3 Bd6 11.Bd3 h6 12.Nbd4 Bg4 13.h3 Bh5 14.Nf5 Nxf5 15.Bxf5 Ne5
16.g4 Bg6 17.Nd4 Qf6 18.Bf4 Rae8 19.Kg2 Bc5 20.Bxe5 Qxe5 21.Nf3 Qd6 22.Bxg6 fxg6
23.Qd3 Kh7 24.Rad1 Rd8 25.Rd2 Rf4 26.Qe2 Rdf8 27.Rd3 Qa6 28.Qd1 Qxa2 29.Qd2 Qc4
30.Nd4 Bxd4 31.Rxd4 Rxd4 32.Qxd4 Qxd4 33.cxd4 Rc8 34.Ra1 a6 35.Ra3 Rc4 36.Rb3 b5
37.Ra3 Ra4 38.Rxa4 bxa4 39.Kf3 g5 40.Ke3 Kg6 41.Kd3 Kf6 42.Kc3 a5 43.b4  1-0

[Event "Fan Adams Int f-A"]
[Site "New York"]
[Date "1999.06.24"]
[Round "1"]
[White "Sokolin, Leonid M"]
[Black "Blatny, Pavel"]
[Result "1/2-1/2"]
[WhiteElo "2515"]
[BlackElo "2468"]

1.d4 c5 2.d5 e5 3.Nc3 d6 4.e4 a6 5.a4 Be7 6.f4 exf4 7.Bxf4 Bf6 8.Nf3 Bg4
9.Qd2 Nd7 10.Be2 Qb6 11.O-O Bxf3 12.gxf3 Ne7 13.a5 Qxb2 14.e5 Nxe5 15.Rab1 Qa3
16.Ne4 Nf5 17.Rxb7 Qa4 18.c3 Qxa5 19.Bxe5 Bxe5 20.f4 Qa4 21.Bd3 Bd4+ 22.cxd4 Qxd4+
23.Rf2 O-O 24.Ng5 Qxd5 25.Be4 Qxd2 26.Rxd2 h6 27.Nxf7 Rab8 28.Rxb8 Rxb8 29.Nxd6 Nxd6
30.Rxd6 Rb4 31.Re6 Kf7 32.f5 g6 33.Bd5 Rg4+ 34.Kh1 gxf5 35.Rxh6+ Kg7 36.Rxa6 Rd4
37.Bf3 c4 38.Rc6 Rd3 39.Kg2 Rd2+ 40.Kg3 f4+ 41.Kh3 Rf2 42.Be4 Re2 43.Rxc4 Rf2
44.Rc6 Re2 45.Bf3 Rf2 46.Bh5 Rd2 47.Rg6+ Kh7 48.Rg1 Kh6 49.Bf3 Rf2 50.Be4 Re2
51.Bf5 Rf2 52.Rg4 Kh5 53.Bg6+ Kh6 54.Bf7 Kh7 55.Rh4+ Kg7 56.Bd5 f3 57.Kg3 Rg2+
58.Kxf3 Rg6 59.Be4 Rh6 60.Rg4+ Kh8 61.h4 Rf6+ 62.Ke3 Rf8 63.Rg5 Rf6 64.Rh5+ Kg7
65.Rh7+ Kg8 66.h5 Rf7 67.Rh6 Kg7 68.Rg6+ Kh8 69.Re6 Rf8 70.Kd4 Kg7 71.Ke5 Rh8
72.Bg6 Rb8 73.Kf4 Kh6 74.Re7 Rb7 75.Re8 Rb5 76.Rh8+ Kg7 77.Rh7+ Kg8 78.Rd7 Rc5
79.Bf5 Rc8 80.Kg5 Rf8 81.Re7 Kh8 82.Re6 Rg8+ 83.Rg6 Rg7 84.Kf6 Rh7 85.Be4 Rd7
86.Rh6+ Kg8 87.Bf5 Rf7+ 88.Ke6 Rf8 89.Rg6+ Kh8 90.Be4 Rc8 91.Kf7 Rc7+ 92.Kf6 Rh7
93.Rg5 Rf7+ 94.Ke5 Re7+ 95.Kf4 Rf7+ 96.Bf5 Rg7 97.Rg6 Rf7 98.Kg5 Rg7 99.Kf6 Rh7
100.h6 Rb7 101.Rg7 Rb6+ 102.Be6 Rxe6+  1/2-1/2

[Event "World op Champions"]
[Site "Philadelphia"]
[Date "1999.06.26"]
[Round "2"]
[White "Akopian, Vladimir"]
[Black "Blatny, Pavel"]
[Result "1-0"]
[WhiteElo "2640"]
[BlackElo "2468"]

1.Nf3 Nf6 2.c4 d6 3.g3 g6 4.Bg2 Bg7 5.O-O c6 6.d4 O-O 7.Nc3 d5 8.cxd5 cxd5
9.Ne5 Nbd7 10.Bg5 Nb6 11.a4 Ne4 12.a5 Nxg5 13.axb6 Nh3+ 14.Kh1 Bxe5 15.dxe5 Qxb6
16.Qe1 Be6 17.f4 Rfd8 18.f5 Bxf5 19.Nxd5 Rxd5 20.Bxd5 Qxb2 21.Bg2 Ng5 22.Qc1 Qxc1
23.Rfxc1 Ne4 24.Kg1 h5 25.Rc7 Ng5 26.h4 Ne6 27.Bxb7 Rd8 28.Rc8 Rxc8 29.Bxc8 Nd4
30.Bxf5 gxf5 31.Kf2 Nc6 32.Ke3 e6 33.Kf4 Kg7 34.e4 fxe4 35.Kxe4 a5 36.Rc1 Nb4
37.Rc5 a4 38.Ra5 Nd5 39.Kd4 Ne7 40.Ke4 Nd5 41.Kd4 Ne7 42.Rxa4 Nf5+ 43.Ke4 Nxg3+
44.Kf4 Nf5 45.Kg5 Ne7 46.Kxh5 Nc6 47.Re4 f5 48.Re1 Nd4 49.Re3 Nc6 50.Kg5 Nd8
51.Rc3 Nf7+ 52.Kf4 Nh6 53.h5 Kf8 54.Rg3  1-0

[Event "Fan Adams Int f-A"]
[Site "New York"]
[Date "1999.06.27"]
[Round "4"]
[White "Blatny, Pavel"]
[Black "Shahade, Gregory"]
[Result "1/2-1/2"]
[WhiteElo "2468"]
[BlackElo "2386"]

1.e4 c5 2.Nf3 d6 3.c3 Nf6 4.Bd3 Bg4 5.Bc2 Nc6 6.d3 Bxf3 7.Qxf3 g6 8.Ba4 Nd7
9.O-O Bg7 10.Nd2 O-O 11.Qh3 Rb8 12.Nf3 b5 13.Bb3 Qc8 14.Bg5 b4 15.d4 bxc3
16.bxc3 cxd4 17.cxd4 Nxd4 18.Nxd4 Bxd4 19.Bxe7 Bxa1 20.Bxf8 Nxf8 21.Qxc8 Rxc8
22.Rxa1 Ne6 23.Kf1 Kf8 24.Rb1 Rb8 25.Ke2 Ke7 26.Ke3 g5 27.Bc2 Rxb1 28.Bxb1 Kf6
29.f3 Ke5 30.g3 h6 31.Bc2 d5 32.exd5 Kxd5 33.Bb3+ Ke5 34.Bc4 f5 35.Bxe6 Kxe6
36.Kd4 g4 37.a4 Kd6 38.fxg4 fxg4 39.Ke4 Kc5 40.Kf4 a5 41.Kxg4 Kb4 42.Kh5 Kxa4
43.Kxh6 Kb4 44.g4 a4 45.g5 a3 46.g6 a2 47.g7 a1=Q 48.g8=Q Qf6+ 49.Kh5 Qe5+
50.Qg5 Qxh2+ 51.Qh4+ Qxh4+ 52.Kxh4  1/2-1/2

[Event "World op Champions"]
[Site "Philadelphia"]
[Date "1999.06.27"]
[Round "4"]
[White "Hummel, Patrick"]
[Black "Blatny, Pavel"]
[Result "0-1"]
[WhiteElo "2270"]
[BlackElo "2468"]

1.d4 c5 2.d5 e5 3.e4 d6 4.Nc3 a6 5.a4 Be7 6.Nf3 Nf6 7.Be2 h6 8.Nd2 Nbd7 9.Nc4 Nb6
10.Ne3 a5 11.Bb5+ Kf8 12.Qe2 g6 13.b3 h5 14.f3 h4 15.Bd2 Kg7 16.O-O-O Nh5
17.Qf2 Bd7 18.Bf1 Bg5 19.g3 Qf6 20.Nb1 Qe7 21.Rg1 Kh7 22.Bd3 Rhf8 23.Qg2 Rg8
24.c4 Nc8 25.Nc3 Qf8 26.Ne2 Ne7 27.Rdf1 f5 28.f4 exf4 29.gxf4 Bf6 30.exf5 Nxf5
31.Nxf5 Bxf5 32.Bxf5 gxf5 33.Qf3 Qf7 34.Rxg8 Kxg8 35.Nc3 Kh7 36.Nb5 Be7 37.Nc7 Rg8
38.Ne6 b6 39.Ng5+ Bxg5 40.fxg5 Kg6 41.Qh3 Re8 42.Qxh4 Qg7 43.Kc2 Re4 44.Qf2 Qe5
45.Re1 Rxe1 46.Qxe1 Qxe1 47.Bxe1 Kxg5 48.Kd2 Kg4 49.Ke3 f4+ 50.Kf2 Nf6 51.h3+ Kf5
52.Kf3 Nd7 53.Bh4 Ne5+ 54.Ke2 Ke4 55.Bd8 f3+ 56.Kf1 Ke3 57.Bxb6 f2  0-1

[Event "World op Major"]
[Site "Philadelphia"]
[Date "1999.06.28"]
[Round "2"]
[White "Ilfeld, Etan"]
[Black "Blatny, Pavel"]
[Result "1/2-1/2"]
[WhiteElo "2185"]
[BlackElo "2468"]

1.e4 g6 2.d4 c6 3.Nf3 Bg7 4.Bd3 d5 5.Nbd2 a5 6.O-O e6 7.Re1 Ne7 8.Nf1 b6
9.Bf4 Ba6 10.Bxa6 Nxa6 11.Qd2 dxe4 12.Rxe4 Qd5 13.Ng3 h5 14.Qe2 h4 15.c4 Qd7
16.Nf1 h3 17.g3 Qb7 18.Rc1 O-O-O 19.c5 bxc5 20.dxc5 Nb4 21.Ne5 Bxe5 22.Bxe5 Nd3
23.Rc3 Nxe5 24.Rb3 Qa7 25.Rxe5 Nd5 26.Re4 Rd7 27.Ra4 Rb7 28.Qd2 Rxb3 29.axb3 Rd8
30.Rxa5 Qb7 31.Qh6 Nc7 32.Qxh3 Qxb3 33.Qg4 Qxb2 34.Qf3 Qb4 35.Ra1 Qxc5 36.Qxf7 Rf8
37.Rc1 Qa3 38.Rc3 Rxf7 39.Rxa3 Nb5 40.Ra8+ Kb7 41.Rg8 Rf6 42.Ne3 e5 43.Re8 Nd4
44.Kg2 Nf3 45.Ng4 Rf5 46.h4 c5 47.Rg8 c4 48.Rg7+ Kc6 49.Rxg6+ Kc5 50.Rg8 c3
51.Rc8+ Kd4 52.Ne3 Rf7 53.Nd1 c2  1/2-1/2

[Event "World op Major"]
[Site "Philadelphia"]
[Date "1999.06.29"]
[Round "3"]
[White "Blatny, Pavel"]
[Black "Ardaman, Miles"]
[Result "1/2-1/2"]
[WhiteElo "2468"]
[BlackElo "2351"]

1.Nf3 g6 2.d4 d6 3.e4 Nf6 4.Nc3 Bg7 5.Be2 O-O 6.O-O Bg4 7.Be3 Nc6 8.d5 Bxf3
9.Bxf3 Ne5 10.Be2 c6 11.f4 Ned7 12.dxc6 bxc6 13.Qd3 Qb8 14.Rab1 a5 15.Rfd1 Rc8
16.a4 Ne8 17.e5 Nb6 18.exd6 Nxd6 19.Bd4 Bxd4+ 20.Qxd4 Nd5 21.Bf3 e6 22.Ne2 Qb4
23.c3 Qxd4+ 24.Rxd4 Rab8  1/2-1/2

[Event "Budapest FS10 GM"]
[Site "Budapest"]
[Date "1999.10.02"]
[Round "1"]
[White "Blatny, Pavel"]
[Black "Bu Xiangzhi"]
[Result "0-1"]
[WhiteElo "2476"]
[BlackElo "2465"]

1.e4 c5 2.Nf3 Nc6 3.c3 d5 4.exd5 Qxd5 5.d4 Bg4 6.Be2 Nf6 7.h3 Bh5 8.c4 Qd6
9.d5 Bxf3 10.Bxf3 Nd4 11.O-O g6 12.Nc3 a6 13.Be3 Nxf3+ 14.Qxf3 Bg7 15.Rfe1 O-O
16.Bf4 Qd8 17.Qe3 Qb6 18.Na4 Qb4 19.Qb3 Nxd5 20.cxd5 Qxf4 21.Nxc5 b5 22.Nd3 Qc4
23.Qxc4 bxc4 24.Ne5 Bxe5 25.Rxe5 Rab8 26.Re2 Rfd8 27.Rc1 Rxd5 28.Rxc4 Rb7
29.f4 g5 30.fxg5 Rxg5 31.Rec2 e6 32.Ra4 a5 33.h4 Rgb5 34.b3 Kg7 35.Rg4+ Kf6
36.Rf2+ Ke5 37.Re2+ Kd6 38.Rd2+ Ke5 39.Re2+ Kd6 40.Rg7 f5 41.Rd2+ Ke5 42.Rg8 Rd5
43.Rxd5+ exd5 44.Ra8 Rb5 45.Kf2 Rc5 46.Ke3 Rc3+ 47.Kd2 Rg3 48.Rxa5 Ke4 49.Ra8 Rxg2+
50.Kc3 d4+ 51.Kb4 d3 52.a4 Ra2 53.Re8+ Kf3 54.Kc3 d2 55.Rd8 Ke2 56.Re8+ Kd1
57.Kd3 Rb2 58.Rb8 Ke1  0-1

[Event "Budapest FS10 GM"]
[Site "Budapest"]
[Date "1999.10.04"]
[Round "3"]
[White "Blatny, Pavel"]
[Black "Forintos, Gyozo V"]
[Result "1-0"]
[WhiteElo "2476"]
[BlackElo "2343"]

1.Nf3 c5 2.e4 e6 3.c3 d5 4.exd5 exd5 5.d4 a6 6.Be3 cxd4 7.Nxd4 Bd6 8.Be2 Qc7
9.Nf3 Ne7 10.Nbd2 Bf5 11.Nf1 Nbc6 12.Ng3 Bg6 13.O-O f5 14.Nd4 Nxd4 15.Bxd4 O-O
16.Bf3 f4 17.Ne2 Be4 18.Nc1 Nf5 19.Nb3 Rae8 20.Re1 Bxf3 21.Qxf3 Qf7 22.Bc5 h5
23.Red1 Re5 24.Bxd6 Nxd6 25.Nc5 Rfe8 26.Nd3 Re4 27.Nb4 a5 28.Nc2 Nc4 29.Rab1 Ne5
30.Qh3 f3 31.g3 Re2 32.Nd4 Re4 33.b3 Nd7 34.Rbc1 Qe7 35.Nxf3  1-0

[Event "Budapest FS10 GM"]
[Site "Budapest"]
[Date "1999.10.06"]
[Round "5"]
[White "Blatny, Pavel"]
[Black "Narciso Dublan, Marc"]
[Result "1-0"]
[WhiteElo "2476"]
[BlackElo "2447"]

1.Nf3 Nf6 2.b3 d5 3.Bb2 Bg4 4.Nh4 Nc6 5.h3 Bh5 6.g4 Bg6 7.Bg2 e5 8.Nxg6 hxg6
9.c4 Bc5 10.Qc1 d4 11.d3 e4 12.dxe4 Nxg4 13.hxg4 Rxh1+ 14.Bxh1 Qh4 15.Bg2 Qxg4
16.Kf1 O-O-O 17.Nd2 d3 18.exd3 Rxd3 19.e5 Nd4 20.Qe1 Ne6 21.Qe4 Nf4 22.Qxb7+ Kd8
23.Qb8+ Ke7 24.Qxc7+ Kf8 25.Qxc5+ Kg8 26.Qc6 Rxd2 27.Qf3 Qxf3 28.Bxf3 Rxb2
29.Rd1 Rxa2 30.Rd8+ Kh7 31.Ke1 Rb2 32.Bd1 a5 33.Rd7 Kg8 34.c5 Rb1 35.Kd2 Rb2+
36.Bc2 a4 37.bxa4 Ne6 38.c6 Rb8 39.c7 Rc8 40.Bb3 Nxc7 41.Bxf7+ Kf8 42.e6 g5
43.Ke3  1-0

[Event "Budapest FS10 GM"]
[Site "Budapest"]
[Date "1999.10.08"]
[Round "7"]
[White "Senff, Martin"]
[Black "Blatny, Pavel"]
[Result "1-0"]
[WhiteElo "2346"]
[BlackElo "2476"]

1.e4 e5 2.Nf3 Nc6 3.Bc4 h6 4.d4 exd4 5.Nxd4 Qf6 6.Be3 Bc5 7.c3 Ne5 8.Be2 Qg6
9.O-O Nf6 10.Nd2 d5 11.Bf4 Bd6 12.exd5 O-O 13.Bxe5 Bxe5 14.Nc4 Bh3 15.Bf3 Bf4
16.Ne2 Qg5 17.Qd4 Nh5 18.Ng3 Bxg3 19.hxg3 Bd7 20.d6 c6 21.Rfe1 Nf6 22.Re7 Rad8
23.Rd1 Rfe8 24.Ne5 Be6 25.Rxb7 Nd5 26.d7 Bxd7 27.Rxd7 Rxd7 28.Nxd7 Re7 29.Nc5  1-0

[Event "Budapest FS10 GM"]
[Site "Budapest"]
[Date "1999.10.09"]
[Round "8"]
[White "Blatny, Pavel"]
[Black "Lengyel, Levente"]
[Result "1-0"]
[WhiteElo "2476"]
[BlackElo "2312"]

1.Nf3 Nf6 2.b3 d5 3.c4 c6 4.Bb2 Bg4 5.e3 e6 6.h3 Bxf3 7.Qxf3 Bd6 8.cxd5 cxd5
9.Bb5+ Nc6 10.O-O Rc8 11.Nc3 O-O 12.d4 Qe7 13.Rfc1 Ba3 14.Qe2 Rc7 15.Bd3 a6
16.Na4 Nd7 17.Rc3 Rfc8 18.Rac1 Bb4 19.R3c2 Bd6 20.e4 b5 21.exd5 exd5 22.Qxe7 Bxe7
23.Bf5 bxa4 24.Bxd7 Rxd7 25.Rxc6 Rxc6 26.Rxc6 axb3 27.axb3 h6 28.Rxa6 Rb7
29.Ba3 Bf6 30.Bc5 Rxb3 31.Rd6 Be7 32.Rxd5 Bxc5 33.Rxc5 Rd3 34.Rc4 Rd1+ 35.Kh2 Rd3
36.g3 g5 37.Kg2 Kg7 38.Kf1 Rd1+ 39.Ke2 Rh1 40.d5 Kf8 41.Re4 Ra1 42.Kd3  1-0